<?xml version="1.0" encoding="UTF-8"?>
<record
    xmlns:xsi="http://www.w3.org/2001/XMLSchema-instance"
    xsi:schemaLocation="http://www.loc.gov/MARC21/slim http://www.loc.gov/standards/marcxml/schema/MARC21slim.xsd"
    xmlns="http://www.loc.gov/MARC21/slim">

  <leader>00595nam a2200145Ia 4500</leader>
  <controlfield tag="008">100122s9999    xx            000 0 und d</controlfield>
  <datafield tag="082" ind1=" " ind2=" ">
    <subfield code="b">13293</subfield>
    <subfield code="a">659.1</subfield>
  </datafield>
  <datafield tag="100" ind1=" " ind2=" ">
    <subfield code="a">&#x930;&#x93E;&#x928;&#x921;&#x947; &#x938; &#x905;</subfield>
  </datafield>
  <datafield tag="245" ind1=" " ind2=" ">
    <subfield code="a">&#x91C;&#x93E;&#x939;&#x93F;&#x930;&#x93E;&#x924; &#x915;&#x936;&#x940; &#x915;&#x930;&#x93E;&#x935;&#x940; - &#x91C;&#x93E;&#x939;&#x93F;&#x930;&#x93E;&#x924; &#x936;&#x93E;&#x938;&#x94D;&#x924;&#x94D;&#x930;</subfield>
  </datafield>
  <datafield tag="260" ind1=" " ind2=" ">
    <subfield code="b">&#x938;.&#x905;.&#x930;&#x93E;&#x928;&#x921;&#x947;</subfield>
    <subfield code="c">1965</subfield>
  </datafield>
  <datafield tag="300" ind1=" " ind2=" ">
    <subfield code="a">63</subfield>
  </datafield>
  <datafield tag="630" ind1=" " ind2=" ">
    <subfield code="a">&#x91C;&#x93E;&#x939;&#x93F;&#x930;&#x93E;&#x924; &#x915;&#x936;&#x940; &#x915;&#x930;&#x93E;&#x935;&#x940; - &#x91C;&#x93E;&#x939;&#x93F;&#x930;&#x93E;&#x924; &#x936;&#x93E;&#x938;&#x94D;&#x924;&#x94D;&#x930;</subfield>
  </datafield>
  <datafield tag="730" ind1=" " ind2=" ">
    <subfield code="a">&#x91C;&#x93E;&#x939;&#x93F;&#x930;&#x93E;&#x924; &#x915;&#x936;&#x940; &#x915;&#x930;&#x93E;&#x935;&#x940; - &#x91C;&#x93E;&#x939;&#x93F;&#x930;&#x93E;&#x924; &#x936;&#x93E;&#x938;&#x94D;&#x924;&#x94D;&#x930;</subfield>
  </datafield>
  <datafield tag="942" ind1=" " ind2=" ">
    <subfield code="c">BOOK</subfield>
  </datafield>
  <datafield tag="999" ind1=" " ind2=" ">
    <subfield code="c">404124</subfield>
    <subfield code="d">404121</subfield>
  </datafield>
</record>
